Statistiques concernant Les gendarmeries dans le monde

Cliquez ici pour prendre le quiz!

Statistiques générales

  • Ce quiz a été pris 76 fois
  • Le résultat moyen est 29 sur 56

Statistiques - réponses

DatesPays% Correct
Depuis 1373France
100%
Depuis 1844Espagne
87%
Depuis 1814Italie
86%
Depuis 1801Portugal
79%
Depuis 1991Russie
77%
Depuis 1834Brésil
70%
Depuis 1920Canada
70%
Depuis 1957Maroc
70%
Depuis 1962Algérie
69%
Depuis 1983Chine
69%
Depuis 1990Pologne
67%
Depuis 1957Tunisie
64%
Depuis 1938Argentine
63%
Depuis 1733Luxembourg
63%
Depuis 1960Congo
60%
Depuis 2014Mexique
60%
Depuis 1814Pays-Bas
60%
Depuis 1960Mali
59%
Depuis 1992Ukraine
59%
Depuis 2004Hongrie
56%
Depuis 1850Roumanie
56%
Depuis 1843Chili
54%
Depuis 1960Sénégal
54%
Depuis 1879Turquie
54%
Depuis 1958Guinée
53%
Depuis 1904Monaco
53%
Depuis 1816Vatican
53%
Depuis 1991Biélorussie
51%
Depuis 1960Cameroun
50%
Depuis 1969Egypte
50%
Depuis 1962Niger
50%
Depuis 1960Togo
50%
Depuis 1962Côte d'Ivoire
47%
Depuis 1953Israël
47%
Depuis 1960Madagascar
46%
Depuis 1960Tchad
46%
Depuis 1861Liban
44%
Depuis 1960Mauritanie
44%
Depuis 1793Bulgarie
43%
Depuis 2003Irak
43%
Depuis 2008Jordanie
41%
Depuis 1842Saint-Marin
41%
Depuis 2001Serbie
41%
Depuis 1960Gabon
40%
Depuis 1992Moldavie
40%
Depuis 1947Pakistan
40%
Depuis 1960Centrafrique
39%
Depuis 1960Burkina Faso
37%
Depuis 1996Costa Rica
37%
Depuis 1937Venezuela
37%
Depuis 1962Rwanda
36%
Depuis 1975Comores
34%
Depuis 1970Cambodge
33%
Depuis 1977Djibouti
33%
Depuis 1971Bangladesh
24%
Depuis 1960Congo RD
0%

Distribution des résultats

Percentile par nombre de réponses

% des personnes avec chaque résultat

Votre développement - résultats

Vous n’avez pas pris ce quiz